000 00930cam a22002895a 4500
001 016870098
003 OSt
005 20201128021330.0
008 140917t2015 enka frbd 001 0 eng d
020 _a9781292071107 (paperback)
020 _a1292071109 (paperback)
040 _aUk
_beng
_cUk
_dEG-ScBUE
082 0 4 _222
_a658.4038011
_bWAL
100 1 _aWallace, Patricia M.
_938658
245 1 0 _aIntroduction to information systems /
_cPatricia Wallace.
250 _a2nd ed., Global ed.
260 _aHarlow :
_bPearson Education Limited,
_cc.2015.
300 _a441 p. :
_bill. (col.) ;
_c28 cm.
500 _aIndex : p. 432-441.
500 _aGlossary : p. 425-431.
504 _aIncludes bibliographical references.
650 7 _9885
_aOrganizational change.
_2BUEsh
651 _2BUEsh
653 _bCOMSCI
_bENGGEN
_cJune2015
_cNovember2015
650 7 _91296
_aManagement information systems
_2BUEsh
942 _2ddc
999 _c19872
_d19844